Resistance to trauma.

Saved in:
Bibliographic Details
Main Author: Hruza, Zdenek
Format: Book
Language:English
Published: Springfield, Ill., Thomas [c1971]
Series:American lecture series, publication no. 826. A monograph in American lectures in living chemistry
Subjects:
LEADER 00913nam a2200253 4500
001 c000035713
003 CARM
005 00000000000000.0
008 720315s1971 ilua b 00100 eng
019 1 |a 220840  |5 LACONCORD2021 
035 |a (OCoLC)277854  |5 LACONCORD2021 
050 0 0 |a RB150.S5  |b H7 
100 1 |a Hruza, Zdenek. 
245 1 0 |a Resistance to trauma. 
260 |a Springfield, Ill.,  |b Thomas  |c [c1971] 
300 |a xiv, 97 p.  |b illus.  |c 23 cm. 
490 0 |a American lecture series, publication no. 826. A monograph in American lectures in living chemistry 
504 |a Bibliography: p. 85-92. 
650 0 |a Shock. 
650 0 |a Traumatology. 
852 8 |b CARM  |h A2:AD30B0  |i B00043  |p 0000840  |f BK 
082 0 4 |a 617/.21 
999 f f |i 32284985-2641-53cd-bbdd-0392d69e50e4  |s eb2aae5f-82ea-5901-b531-dda339de7c77 
952 f f |p Can circulate  |a CAVAL  |b CAVAL  |c CAVAL  |d CARM 1 Store  |e B00043  |f A2:AD30B0  |h Other scheme  |i book  |m 0000840